000 00762nam a2200229Ia 4500
003 OSt
005 20220926033945.0
006 a|||||r|||| 00| 0
007 ta
008 220923b |||||||| |||| 00| 0 eng d
037 _cGeneral Book
040 _aRTL
_cRTL
_beng
041 _2eng
_aeng
082 _aX 9 (J) : 6 . 73 . N55r, J5
110 _aWASHINGTON , INTERGOVERNMENTAL RELATIONS (Commission on --) .
_9339857
245 2 _aA description of twenty - five federal grant -in - aid programs .
260 _aWashington
_c1955
300 _avii , 179p
_ccm.
700 _aWASHINGTON , INTERGOVERNMENTAL RELATIONS (Commission on --) .
_9339858
942 _hX 9 (J) : 6 . 73 . N55r, J5
_cGB
_2CC
999 _c658454
_d658454